MARC details
| 000 -CABECERA |
| campo de control de longitud fija |
02590cab a2200337 ab4500 |
| 005 - FECHA Y HORA DE LA ÚLTIMA TRANSACCIÓN |
| campo de control |
20240910105640.0 |
| 008 - ELEMENTOS DE LONGITUD FIJA--INFORMACIÓN GENERAL |
| campo de control de longitud fija |
991125c2017 cr tr p o 000 0 spa d |
| 035 ## - NÚMERO DE CONTROL DEL SISTEMA |
| Número de control de sistema |
UPN01000227196 |
| 040 ## - FUENTE DE LA CATALOGACIÓN |
| Centro catalogador/agencia de origen |
MX-MxUPN |
| Lengua de catalogación |
spa |
| Centro/agencia transcriptor |
MX-MxUPN |
| Normas de descripción |
aacr2 |
| 049 ## - COLECCIÓN |
| Colección |
ART-E |
| 100 1# - ASIENTO PRINCIPAL--NOMBRE PERSONAL |
| Nombre de persona |
Viciana Garófano, Virginia |
| Enlace |
- vviciana@ugr.es |
| 100 1# - ASIENTO PRINCIPAL--NOMBRE PERSONAL |
| Nombre de persona |
Zurita Ortega, Félix |
| 100 1# - ASIENTO PRINCIPAL--NOMBRE PERSONAL |
| Nombre de persona |
Castro Sánchez, Manuel |
| 100 1# - ASIENTO PRINCIPAL--NOMBRE PERSONAL |
| Nombre de persona |
Martínez Martínez, Asunción |
| 100 1# - ASIENTO PRINCIPAL--NOMBRE PERSONAL |
| Nombre de persona |
Chacón Cuberos, Ramón |
| 100 1# - ASIENTO PRINCIPAL--NOMBRE PERSONAL |
| Nombre de persona |
Espejo Garcés, Tamara |
| 245 10 - MENCIÓN DE TÍTULO |
| Título |
Metas de logro y niveles de satisfacción hacia el grado de docente en infantil y primaria |
| Medio |
[recurso electrónico en línea] |
| 506 0# - NOTA DE RESTRICCIONES AL ACCESO |
| Limitaciones de acceso |
Acceso abierto |
| 520 3# - NOTA DE RESUMEN, ETC. |
| Sumario, etc. |
La presente investigación tiene como objetivo principal conocer el nivel de satisfacción y de metas de logro del estudiantado matriculado en el séptimo semestre del grado de docente en infantil y primaria. El presente estudio empírico relaciona aspectos de género, especialidad, satisfacción del alumnado hacia el grado y metas de logro de estos sobre un total de 293 participantes de último curso de grado, procedentes de dos centros universitarios ubicados en la ciudad de Granada (España), la Facultad de Ciencias de la Educación-FCCE (pública) y La Inmaculada-Escuela Universitaria (privada). Se utilizó un diseño de carácter cuantitativo descriptivo y de tipo transversal, donde se desarrolló un estudio relacional para analizar el grado de dependencia entre las metas de logro, el grado de satisfacción, el género y la titulación de los sujetos. Los principales resultados obtenidos en este estudio indican que el estudiantado matriculado en el séptimo semestre del grado analizado se encuentra satisfecho con su titulación, destaca la realización y desempeño de trabajos en equipo y la calidad del personal docente, la atención que les prestan y la puntualidad y escaso absentismo hacia las clases. Los varones buscan más el rendimiento, la competitividad y la consecución de resultados; frente a féminas, que buscan la aproximación a la tarea, realizándola con la mayor competencia. Educare |
| 541 ## - NOTA DE FUENTE DE ADQUISICIÓN DIRECTA |
| Fuente de adquisición |
Acceso gratuito |
| 653 0# - TERMINO DE INDIZACION - NO CONTROLADO |
| Término no controlado |
Satisfacción docente |
| 653 0# - TERMINO DE INDIZACION - NO CONTROLADO |
| Término no controlado |
Logro académico |
| 653 0# - TERMINO DE INDIZACION - NO CONTROLADO |
| Término no controlado |
Motivación docente |
| 653 0# - TERMINO DE INDIZACION - NO CONTROLADO |
| Término no controlado |
Metas |
| 773 ## - ENLACE AL DOCUMENTO FUENTE/ENTRADA DE REGISTRO ANFITRIÓN |
| Parte(s) relacionada(s) |
Vol. 21, no. 3 (2017), p. 1-16 |
| Título |
Revista electrónica educare |
| Número Internacional Normalizado para Publicaciones Seriadas |
1607-4041 |
| 856 4# - LOCALIZACIÓN Y ACCESO ELECTRÓNICOS |
| Identificador Uniforme del Recurso |
<a href="https://www.revistas.una.ac.cr/index.php/EDUCARE/article/view/8185">https://www.revistas.una.ac.cr/index.php/EDUCARE/article/view/8185</a> |
| 856 4# - LOCALIZACIÓN Y ACCESO ELECTRÓNICOS |
| Identificador Uniforme del Recurso |
<a href="https://doi.org/10.15359/ree.21-3.18">https://doi.org/10.15359/ree.21-3.18</a> |
| 902 ## - ELEMENTOS DE DATOS B LOCAL, LDB (RLIN) |
| Creó |
Leonor Sotres/100924 |
| 905 ## - TIPO DE MATERIAL |
| Tipo de material |
Articulo |
| 942 ## - ELEMENTOS DE PUNTO DE ACCESO ADICIONAL (KOHA) |
| Tipo de ítem Koha |
Artículo Electrónico |